| 000 | 01456nam0a2200325 4500 | ||
|---|---|---|---|
| 001 | RU\NLR\bibl\1310914 | ||
| 005 | 20250615154030.0 | ||
| 010 |
_a978-5-8243-1001-6 _91100 |
||
| 021 |
_aRU _b2008-87589 _95115 |
||
| 035 | _a(NLR Aleph) 001296367 | ||
| 090 |
_a591265 _c591265 |
||
| 100 | _a20081222d2008 |||y0rusy50 ca | ||
| 101 | 0 |
_arus _deng _eeng |
|
| 102 | _aRU | ||
| 105 | _aa ||||||||| | ||
| 200 | 1 |
_aАдминистративные реформы в контексте властных отношений _dAdministrative reforms in the context of power relationships _eопыт постсоциалистических трансформаций в сравнительной перспективе _fпод ред. Антона Олейника и Оксаны Гаман-Голутвиной _zeng |
|
| 210 |
_aМосква _cРОССПЭН _d2008 |
||
| 215 |
_a366 с. _cил. _d22 |
||
| 300 | _aРез. на англ. яз. | ||
| 320 | _aБиблиогр. в подстроч. примеч. | ||
| 510 | 0 |
_aAdministrative reforms in the context of power relationships _zeng |
|
| 606 | 1 |
_aГосударственное управление _xРеформирование _92552551 _3RU\NLR\auth\661510327 |
|
| 686 | _aХ621 | ||
| 686 | _aХ81 | ||
| 702 | 1 |
_aОлейник _bА. Н. _gАнтон Николаевич _4340 |
|
| 801 | 0 |
_aRU _bNLR _c20081222 _gRCR |
|
| 801 | 1 |
_aRU _bNLR _c20081222 |
|
| 942 | _cBOOK | ||
| 980 | _aNB | ||